[Event "MPL 47th National Women Chess-ch 2022"]
[Site "Odisha"]
[Date "2022.02.25"]
[Round "1.12"]
[White "Savitha Shri B"]
[Black "Biswal Gitashree"]
[Result "1-0"]
[WhiteElo "2257"]
[BlackElo "1435"]
[Annotator "TA"]
[PlyCount "63"]
[EventDate "2022.02.25"]
[EventCountry "IND"]
[SourceTitle "playchess.com"]
[Source "ChessBase"]
[SourceQuality "1"]

{[%evp 10,62,20,0,68,58,51,43,68,45,39,33,95,47,53,45,54,31,52,38,80,70,60,75,75,58,81,58,151,92,197,212,193,143,166,163,140,166,180,159,437,433,459,448,420,380,505,103,260,275,266,267,507,483,29999]} 1. e4 c6 2. d4 d5 3. Nc3 {[%cal Bb1c3,Bc3e4,Be4g3][%mdl 32]} dxe4 4. Nxe4 Bf5 5. Ng3 Bg6 6. Nh3 h6 {6...Nf6 gains popularity. B18: Classical Caro-Kann: 4...Bf5 sidelines.} (6... Nf6 $11) 7. c3 Nd7 8. Nf4 (8. Bc4 {is interesting.} e6 9. Nf4 Bh7 10. O-O Ngf6 11. Qf3) 8... Bh7 {White is slightly better.} 9. Bd3 Bxd3 10. Qxd3 {[%cal Of4g6] Ng6! is the strong threat.} Ngf6 {[#]} (10... e6 $14) 11. Ne6 $146 {White is more active.} ({Predecessor:} 11. O-O Qc7 12. Re1 O-O-O 13. b4 e5 14. Nfe2 exd4 15. cxd4 Bxb4 16. Rd1 Nd5 17. a3 {1-0 (38) Deren,M-Psomiadis,H Dos Hermanas 2003}) 11... Qb6 12. Nxf8 Nxf8 13. O-O e6 14. Re1 O-O-O (14... N8d7 $14 {is superior.}) 15. a4 $16 Ng6 16. b4 Qc7 17. Qf3 Rd7 18. b5 Rhd8 {[#]} (18... Kb8 $14) 19. Be3 (19. Bxh6 $142 $1 {[%mdl 512]} gxh6 20. bxc6 (20. Qxf6 c5 $16) 20... Qxc6 21. Qxf6) 19... cxb5 (19... Kb8 $16) 20. axb5 $18 Kb8 {[#]} 21. d5 ({Better is} 21. Rxa7 $3 $18 {[%mdl 512] aiming for Rea1.} Kxa7 22. b6+ Qxb6 23. d5 Nxd5 24. Bxb6+ Nxb6 25. h3) 21... Rxd5 22. Bxa7+ Kc8 23. c4 ({Don't play} 23. Bd4 Rxb5 24. Ne4 (24. Bxf6 gxf6 25. Ra8+ Kd7 $16) (24. Ra8+ Kd7 $14) 24... Nxe4 25. Qxe4 (25. Ra8+ Kd7 $15) 25... Qc6 $16) 23... Rd3 24. Be3 {Threatens to win with c5.} Kb8 $2 (24... Kd7 $16 {was necessary.}) 25. Qe2 Rc3 (25... Qxc4 $2 26. Rec1 Rc3 27. Qxc4) 26. Qa2 {[%csl Ga1][%cal Ra2a8]} Kc8 27. b6 Qd6 28. Rad1 $2 $40 {[%mdl 128] White is out for blood.} (28. Qb2 $18 {has better winning chances.} Rd3 {[#]} 29. Bxh6 $1 {[%mdl 512]}) 28... Qa3 (28... Ra3 $16 29. Qe2 Qc6) 29. Rxd8+ Kxd8 30. Rd1+ Ke8 $2 (30... Nd7 {was called for.} 31. Qd2 Nge5) 31. Qd2 {[%csl Gd1][%cal Rd2d8]} Rxc4 (31... Kf8 $18 32. Ne4 Rxe3 33. fxe3 Kg8) 32. Qd8# {Weighted Error Value: White=0.44/Black=0.79} 1-0

[Event "MPL 47th National Women Chess-ch 2022"]
[Site "Odisha"]
[Date "2022.02.25"]
[Round "1.13"]
[White "Shrivastava Aditi"]
[Black "Sharma Isha"]
[Result "0-1"]
[WhiteElo "1424"]
[BlackElo "2253"]
[Annotator "TA"]
[PlyCount "108"]
[EventDate "2022.02.25"]
[EventCountry "IND"]
[SourceTitle "playchess.com"]
[Source "ChessBase"]
[SourceQuality "1"]

{[%evp 17,107,34,27,18,22,11,17,8,26,30,30,0,12,0,0,0,0,-40,-39,-32,-33,-48,-25,-32,-25,-20,0,-36,0,0,0,0,0,-137,-145,-292,-295,-306,-284,-304,-297,-292,-291,-29983,-29984,-29984,-29985,-29983,-29984,-29982,-1806,-29977,-1242,-1241,-1227,-1225,-1208,-5620,-5620,-29979,-6291,-29980,-29981,-29981,-29982,-29982,-29983,-29983,-29984,-29984,-29985,-29986,-29987,-29987,-29988,-29988,-29989,-29989,-29989,-29990,-29990,-29990,-29991,-29992,-29992,-29994,-29993,-29993,-29993,-29998,-29999,-29999]} 1. e4 e5 2. Nf3 Nc6 3. Bb5 a6 4. Ba4 Nf6 5. O-O Be7 6. Re1 b5 7. Bb3 d6 8. c3 O-O 9. h3 Nb8 10. a4 {C94: Closed Ruy Lopez: Breyer Variation with 10 d3.} Bb7 11. axb5 axb5 12. Rxa8 {The position is equal.} Bxa8 13. d3 c5 14. Nbd2 (14. Na3 $5 {[%cal Ra3b5]}) 14... Qc7 15. Nf1 Nbd7 {[#]} 16. Ne3 $146 ({Predecessor:} 16. Ng3 Rd8 17. Nf5 Bf8 18. Bc2 c4 19. d4 Bc6 20. d5 Bb7 21. Nh2 Ra8 22. g4 {1-0 (69) Stavnjak,L (2244)-Nuhic,A (2165) Sarajevo 2014}) 16... g6 {Inhibits Nf5.} 17. Nd5 Nxd5 18. Bxd5 Bxd5 19. exd5 Bf6 20. c4 Rb8 21. b3 Qa5 22. Ng5 bxc4 23. bxc4 Be7 24. Bd2 Qa2 25. Qf3 f6 $1 $17 {[%cal Bf7f6,Bf6f5,Bf5e4][%mdl 32]} 26. Ne4 {Now White is beyond hope.} (26. Qg4 $17 fxg5 27. Qe6+ Kf8 28. Bxg5 Bxg5 29. Qxd7) 26... f5 $19 27. Bh6 fxe4 28. Qg4 {Threatening mate with Qe6+.} Nf8 {Prevents Qe6+.} 29. Qxe4 Rb1 30. f4 $2 (30. Kf1 $19) 30... Bh4 31. Rxb1 Qxb1+ 32. Kh2 Bf2 {[%csl Gf2][%cal Rb1g1]} 33. h4 Qg1+ 34. Kh3 Qh1+ (34... Nd7 $142 35. fxe5 Qh1+ 36. Kg4 Nxe5+ 37. Kg5 Qc1+ 38. Qf4 Be3 39. g3 Bxf4+ 40. Kf6 {[#]} Qb2 $1 41. h5 Qb7 $1 42. hxg6 Bxh6 43. gxh7+ Qxh7 44. Ke6 Qg6+ 45. Ke7 Bg5#) 35. Kg4 Qxh4+ 36. Kf3 Qxh6 37. Kxf2 Qxf4+ 38. Qf3 g5 (38... Qxf3+ $142 39. Kxf3 Kf7 40. Kf2 h6 41. Kg3 Kf6 42. Kf2 Kg5 43. Kg3 h5 44. Kf3 h4 45. Kf2 Kg4 46. Kf1 Kg3 47. Kg1 g5 48. d4 exd4 49. Kf1 g4 50. Ke2 h3 51. gxh3 gxh3 52. Kd3 h2 53. Kc2 h1=Q 54. Kb2 d3 55. Ka2 d2 56. Kb2 d1=Q 57. Ka3 Qhf3+ 58. Kb2 Qfb3#) 39. Ke2 Qxf3+ {Black mates.} 40. Kxf3 {KN-KP} Kf7 41. g4 Ng6 42. Ke4 Kf6 43. Ke3 Nf4 44. Kd2 h5 45. gxh5 Nxh5 {KN-K3P} 46. Ke3 g4 {[%cal Bg5g4,Bg4g3,Bg3g2][%mdl 32]} 47. Kf2 Kf5 48. Kg2 Kf4 49. Kf2 g3+ 50. Kg2 Kg4 51. Kg1 Nf4 52. Kf1 g2+ 53. Kg1 Kg3 {[%cal Rf4e2]} 54. d4 Nh3# {Weighted Error Value: White=1.22/Black=0.33} 0-1

[Event "MPL 47th National Women Chess-ch 2022"]
[Site "Odisha"]
[Date "2022.02.25"]
[Round "1.14"]
[White "Priyanka, Kumari"]
[Black "Prishita Gupta"]
[Result "1-0"]
[WhiteElo "1910"]
[BlackElo "1412"]
[Annotator "TA"]
[PlyCount "79"]
[EventDate "2022.02.25"]
[EventCountry "IND"]
[SourceTitle "playchess.com"]
[Source "ChessBase"]
[SourceQuality "1"]

{[%evp 19,78,60,58,56,73,45,51,51,56,-11,-14,-25,166,139,149,175,200,193,214,191,281,275,620,639,623,579,641,637,801,837,843,834,1241,1231,1126,1078,1074,1049,987,779,901,884,873,766,795,789,788,763,1077,808,834,0,1102,1072,29990,29991,29991,29992,29998,29999,29999]} 1. e4 c5 2. Nf3 e6 3. d4 cxd4 4. Nxd4 a6 5. Bd3 Nf6 6. O-O Qc7 7. Qe2 d6 8. c4 g6 9. Nc3 Bg7 10. Be3 O-O 11. Rac1 {B42: Sicilian: Kan Variation: 5 Bd3.} b6 12. f4 Bb7 13. b4 {White is slightly better.} Nbd7 14. g4 ({White should play} 14. a3 $14) 14... e5 $11 15. Nd5 Nxd5 {Black is now going downhill.} (15... Qd8 $11 16. fxe5 Nxd5 17. cxd5 (17. exd5 Nxe5 18. Rf4 Re8 $17) 17... Nxe5) 16. cxd5 $18 Qd8 17. Nc6 $36 {[%cal Bd4c6,Bc6e7,Be7f5,Bf5d6][%mdl 2080] [#] Black is under strong pressure. White is much more active. Black has bad knights.} Qe8 $146 {[#]} ({Predecessor:} 17... Qh4 18. f5 Nf6 19. g5 Nxe4 20. f6 Bh8 21. Ne7# {1-0 (21) Souza Dos Santos,M (1959)-Lemos,D (2180) Chess.com INT 2020}) 18. f5 $1 Kh8 19. Qf2 b5 (19... gxf5 {might work better.} 20. Qxf5 Bc8) 20. Qh4 f6 (20... gxf5 21. Rxf5 f6) 21. fxg6 Qxg6 22. Ne7 Qf7 23. Nf5 Qg6 24. Rc7 Bc8 25. Rfc1 Qe8 26. Nxd6 Qe7 27. Nf5 Qf7 28. R1c6 Rd8 29. Qf2 Qf8 30. a3 {[%cal Ba2a3,Ba3a4][%mdl 32]} a5 31. Bxb5 axb4 32. a4 ({Weaker is} 32. Qh4 bxa3 33. Bc4 a2 34. Bxa2 Rxa2 $18) 32... b3 33. Bc1 Qb4 34. Rc4 Qa5 35. R4c6 Qb4 $1 36. Nxg7 Kxg7 37. Qxf6+ {White mates.} Kg8 38. Qxd8+ Kg7 39. Bh6+ Kf7 40. Rf6# {Weighted Error Value: White=0.35/Black=0.91} 1-0

[Event "MPL 47th National Women Chess-ch 2022"]
[Site "Odisha"]
[Date "2022.02.25"]
[Round "2.1"]
[White "Kheerthi Ganta"]
[Black "Vaishali R"]
[Result "0-1"]
[WhiteElo "2011"]
[BlackElo "2403"]
[Annotator "NA"]
[PlyCount "160"]
[EventDate "2022.02.25"]
[EventCountry "IND"]
[SourceTitle "playchess.com"]
[Source "ChessBase"]
[SourceQuality "1"]
[TimeControl "5400+30"]

1. d4 {[%emt 0:00:33]} Nf6 {[%emt 0:02:01]} 2. c4 {[%emt 0:01:16]} Nc6 {[%emt 0:01:01]} 3. Nf3 {[%emt 0:02:42]} e6 {[%emt 0:00:21]} 4. Nc3 {[%emt 0:01:18]} d6 {[%emt 0:05:51]} 5. g3 {[%emt 0:07:00]} g6 {[%emt 0:01:59]} 6. Bg2 {[%emt 0:03:15]} Bg7 {[%emt 0:00:03]} 7. O-O {[%emt 0:01:50]} O-O {[%emt 0:01:08]} 8. e4 {[%emt 0:04:07]} e5 {[%emt 0:01:02]} 9. dxe5 {[%emt 0:03:18]} (9. d5 $1 $14 Ne7 10. Re1) 9... Nxe5 $14 {[%emt 0:00:24]} 10. Nxe5 {[%emt 0:02:44]} dxe5 {[%emt 0:00:03]} 11. Bg5 {[%emt 0:02:46]} c6 {[%emt 0:01:08]} 12. Qxd8 {[%emt 0:02:57]} Rxd8 {[%emt 0:00:03]} 13. Rad1 {[%emt 0:00:22]} Be6 {[%emt 0:04:58]} 14. b3 {[%emt 0:00:43]} h6 {[%emt 0:02:38]} 15. Bc1 {[%emt 0:01:17]} Nd7 {[%emt 0:19:48]} 16. Be3 {[%emt 0:02:53]} Bf8 {[%emt 0:00:57]} 17. Rd3 {[%emt 0:02:59]} Nc5 {[%emt 0:09:28]} 18. Rxd8 {[%emt 0:01:12]} Rxd8 {[%emt 0:00:03]} 19. Rd1 {[%emt 0:00:25]} Rxd1+ {[%emt 0:08:40]} 20. Nxd1 {[%emt 0:00:13]} f5 {[%emt 0:00:19]} 21. Nc3 {[%emt 0:01:44]} a5 {[%emt 0:01:11]} 22. f3 {[%emt 0:16:04]} a4 {[%emt 0:09:26]} 23. b4 {[%emt 0:01:17]} Nd3 {[%emt 0:00:22]} 24. a3 {[%emt 0:00:59]} f4 {[%emt 0:02:00]} 25. Bd2 {[%emt 0:01:58]} Bxc4 {[%emt 0:06:17]} 26. Nxa4 {[%emt 0:00:45]} Bb3 {[%emt 0:04:55]} 27. Nc3 {[%emt 0:01:35]} Bd6 {[%emt 0:03:00]} 28. Bf1 {[%emt 0:01:16]} Bc2 {[%emt 0:02:04]} 29. Na2 {[%emt 0:03:18]} g5 {[%emt 0:01:47]} 30. Nc1 {[%emt 0:04:26]} Nb2 {[%emt 0:03:12]} 31. Bc3 {[%emt 0:01:07]} Na4 {[%emt 0:01:11]} 32. Bd2 {[%emt 0:00:31]} b5 {[%emt 0:05:07]} 33. Bh3 {[%emt 0:02:46]} Nb6 {[%emt 0:00:31]} 34. Be6+ {[%emt 0:00:30]} Kg7 {[%emt 0:00:11]} 35. Be1 {[%emt 0:04:47]} Kf6 {[%emt 0:00:48]} 36. Bf2 {[%emt 0:01:47]} Kxe6 {[%emt 0:02:05]} 37. Bxb6 {[%emt 0:00:09]} g4 {[%emt 0:00:11]} 38. Kf2 {[%emt 0:00:35]} h5 {[%emt 0:01:28]} 39. gxf4 {[%emt 0:01:11]} exf4 {[%emt 0:00:02]} 40. Ne2 {[%emt 0:00:14]} Bd1 {[%emt 0:00:49]} 41. Nd4+ {[%emt 0:02:25]} Kd7 {[%emt 0:00:02]} 42. Ke1 {[%emt 0:01:25]} Ba4 {[%emt 0:00:06]} 43. Kf2 {[%emt 0:00:37]} Bd1 {[%emt 0:00:18]} 44. Ke1 {[%emt 0:00:01]} Ba4 {[%emt 0:00:02]} 45. Kf2 {[%emt 0:00:01]} Be5 {[%emt 0:01:09]} 46. Nf5 {[%emt 0:01:58]} Bb2 {[%emt 0:01:12]} 47. Bc5 {[%emt 0:00:16]} Bd1 {[%emt 0:00:40]} 48. Nh4 {[%emt 0:00:09]} Ke6 {[%emt 0:00:51]} 49. Ke1 {[%emt 0:00:47]} Bb3 {[%emt 0:01:08]} 50. Ng6 {[%emt 0:00:52]} Bc1 {[%emt 0:00:27]} 51. Nh4 {[%emt 0:00:35]} Bxa3 {[%emt 0:00:20]} 52. Kd2 {[%emt 0:00:12]} Bb2 {[%emt 0:01:05]} 53. Ke2 {[%emt 0:00:23]} Bc1 {[%emt 0:00:23]} 54. Ke1 {[%emt 0:00:33]} Kf6 {[%emt 0:00:21]} 55. Ke2 {[%emt 0:00:15]} Bc4+ {[%emt 0:00:38]} 56. Kf2 {[%emt 0:00:07]} Be6 {[%emt 0:00:23]} 57. Ke1 {[%emt 0:00:28]} Bb2 {[%emt 0:00:26]} 58. Kf2 {[%emt 0:01:02]} Bc3 {[%emt 0:00:14]} 59. Ng2 {[%emt 0:00:19]} Be5 {[%emt 0:00:30]} 60. Ne1 {[%emt 0:00:13]} Bc4 {[%emt 0:00:56]} 61. Ng2 {[%emt 0:00:27]} Bd3 {[%emt 0:00:33]} 62. Ne1 {[%emt 0:00:22]} Bb1 {[%emt 0:00:02]} 63. Ng2 {[%emt 0:00:09]} Ke6 {[%emt 0:01:01]} 64. Ke2 {[%emt 0:00:12]} Bc2 {[%emt 0:00:10]} 65. Ne1 {[%emt 0:01:03]} Bb1 {[%emt 0:00:07]} 66. Ng2 {[%emt 0:00:02]} Bc7 {[%emt 0:00:18]} 67. Kf2 {[%emt 0:00:21]} Ke5 {[%emt 0:00:37]} 68. Nh4 {[%emt 0:00:41]} Bc2 {[%emt 0:01:01]} 69. Ng6+ {[%emt 0:00:12]} Ke6 {[%emt 0:00:45]} 70. Ke2 {[%emt 0:01:09]} Kf6 {[%emt 0:00:22]} 71. Ne7 {[%emt 0:00:23]} gxf3+ {[%emt 0:00:07]} 72. Kxf3 {[%emt 0:00:12]} Bd1+ {[%emt 0:00:17]} 73. Kf2 {[%emt 0:00:31]} Ke5 {[%emt 0:00:14]} 74. Nxc6+ {[%emt 0:00:21]} Kxe4 {[%emt 0:00:03]} 75. Nd4 {[%emt 0:00:08]} Ba4 {[%emt 0:00:42]} 76. Ke2 {[%emt 0:00:15]} Be5 {[%emt 0:00:37]} 77. Nf3 {[%emt 0:00:20]} Bd1+ {[%emt 0:00:11]} 78. Kxd1 {[%emt 0:00:17]} Kxf3 {[%emt 0:00:02]} 79. Ke1 {[%emt 0:00:08]} Kg2 {[%emt 0:00:07]} 80. h4 {[%emt 0:00:37]} f3 {[%emt 0:00:06]} 0-1

[Event "MPL 47th National Women Chess-ch 2022"]
[Site "Odisha"]
[Date "2022.02.25"]
[Round "2.2"]
[White "Nandhidhaa, P V"]
[Black "Nimmy, A.G."]
[Result "1-0"]
[WhiteElo "2380"]
[BlackElo "2110"]
[Annotator "NA"]
[PlyCount "73"]
[EventDate "2022.02.25"]
[EventCountry "IND"]
[SourceTitle "playchess.com"]
[Source "ChessBase"]
[SourceQuality "1"]
[TimeControl "5400+30"]

1. Nf3 {[%emt 0:00:50]} d5 {[%emt 0:00:02]} 2. g3 {[%emt 0:00:07]} Bg4 {[%emt 0:00:29]} 3. Bg2 {[%emt 0:00:07]} c6 {[%emt 0:00:27]} 4. d3 {[%emt 0:00:38]} Nd7 {[%emt 0:01:06]} 5. O-O {[%emt 0:01:16]} Ngf6 {[%emt 0:00:39]} 6. h3 {[%emt 0:00:41]} Bh5 {[%emt 0:00:40]} 7. c4 {[%emt 0:01:49]} e6 {[%emt 0:03:30]} 8. cxd5 $11 {[%emt 0:00:12]} exd5 {[%emt 0:03:02]} 9. e4 {[%emt 0:00:55]} dxe4 {[%emt 0:03:58]} 10. dxe4 {[%emt 0:00:07]} Nc5 {[%emt 0:01:36]} 11. Nc3 {[%emt 0:05:27]} Be7 {[%emt 0:04:04]} 12. Qc2 {[%emt 0:08:15]} Qd3 {[%emt 0:09:59]} 13. Ne1 {[%emt 0:03:34]} Qxc2 {[%emt 0:00:56]} 14. Nxc2 {[%emt 0:00:02]} Bg6 {[%emt 0:02:03]} 15. Nd4 {[%emt 0:18:25]} Nfxe4 {[%emt 0:10:00]} 16. Nxe4 {[%emt 0:05:12]} Nxe4 {[%emt 0:04:31]} 17. Re1 {[%emt 0:03:21]} Nc5 {[%emt 0:13:00]} 18. Nxc6 {[%emt 0:04:05]} Ne6 {[%emt 0:01:24]} 19. Be3 {[%emt 0:09:17]} Bf6 {[%emt 0:02:12]} 20. Bd4 {[%emt 0:11:12]} bxc6 {[%emt 0:24:47]} 21. Bxc6+ {[%emt 0:00:06]} Ke7 {[%emt 0:00:20]} 22. Bc5+ {[%emt 0:01:30]} Kd8 {[%emt 0:00:03]} 23. Rxe6 {[%emt 0:00:53]} fxe6 {[%emt 0:01:29]} 24. Bxa8 {[%emt 0:00:14]} Bxb2 {[%emt 0:12:13]} 25. Re1 {[%emt 0:01:09]} Kd7 {[%emt 0:00:00]} 26. Bf3 {[%emt 0:00:21]} a5 {[%emt 0:00:00]} 27. Rd1+ {[%emt 0:01:16]} Kc7 {[%emt 0:00:00]} 28. Rd6 {[%emt 0:01:34]} e5 {[%emt 0:00:00]} 29. Rc6+ {[%emt 0:07:12]} Kd7 {[%emt 0:00:00]} 30. Ra6 {[%emt 0:00:08]} Bc3 {[%emt 0:00:00]} 31. Bd5 {[%emt 0:05:27]} Rb8 {[%emt 0:00:00]} 32. Ra7+ {[%emt 0:00:41]} Kc8 {[%emt 0:00:32]} 33. Bd6 {[%emt 0:04:45]} Rb1+ {[%emt 0:03:19]} 34. Kh2 {[%emt 0:00:45]} Bf5 {[%emt 0:00:31]} 35. Bc6 {[%emt 0:03:04]} Kd8 {[%emt 0:00:14]} 36. Rxg7 {[%emt 0:00:35]} Be6 {[%emt 0:01:24]} 37. Re7 {[%emt 0:00:15]} 1-0

[Event "MPL 47th National Women Chess-ch 2022"]
[Site "Odisha"]
[Date "2022.02.25"]
[Round "2.3"]
[White "Bhagyashree Patil"]
[Black "Gomes, Mary Ann"]
[Result "0-1"]
[WhiteElo "1974"]
[BlackElo "2361"]
[Annotator "ChessBase"]
[PlyCount "46"]
[EventDate "2022.02.25"]
[EventCountry "IND"]
[SourceTitle "playchess.com"]
[Source "ChessBase"]
[SourceQuality "1"]
[TimeControl "5400+30"]

1. d4 {[%emt 0:00:02]} Nf6 {[%emt 0:00:12]} 2. Nf3 {[%emt 0:00:06]} e6 {[%emt 0:00:05]} 3. g3 {[%emt 0:00:29]} c5 {[%emt 0:00:13]} 4. Bg2 {[%emt 0:00:15]} cxd4 {[%emt 0:01:31]} 5. Nxd4 {[%emt 0:00:47]} d5 {[%emt 0:00:07]} 6. O-O {[%emt 0:01:04]} Be7 {[%emt 0:02:59]} 7. b3 {[%emt 0:00:52]} Nc6 {[%emt 0:02:58]} 8. Bb2 {[%emt 0:00:33]} O-O {[%emt 0:00:19]} 9. Nd2 {[%emt 0:01:18]} Nxd4 {[%emt 0:01:00]} 10. Bxd4 {[%emt 0:00:03]} Bd7 {[%emt 0:00:55]} 11. e4 {[%emt 0:04:12]} Bc6 {[%emt 0:09:12]} 12. exd5 {[%emt 0:01:57]} Bxd5 {[%emt 0:00:31]} 13. Nf3 {[%emt 0:00:27]} b5 {[%emt 0:02:04]} 14. Bb2 {[%emt 0:04:46]} Qb6 {[%emt 0:02:48]} 15. Ne5 {[%emt 0:00:43]} Rad8 {[%emt 0:03:54]} 16. Qe2 {[%emt 0:01:52]} Bxg2 {[%emt 0:06:45]} 17. Kxg2 {[%emt 0:00:03]} Qb7+ {[%emt 0:00:05]} 18. Kg1 {[%emt 0:04:21]} Ne4 {[%emt 0:01:41]} 19. Rad1 {[%emt 0:01:50]} f6 {[%emt 0:07:50]} 20. Ng4 {[%emt 0:05:46]} Rxd1 {[%emt 0:05:03]} 21. Rxd1 {[%emt 0:00:22]} Ng5 {[%emt 0:01:10]} 22. h4 {[%emt 0:02:14]} Nf3+ {[%emt 0:01:11]} 23. Kf1 {[%emt 0:01:05]} Nd4 {[%emt 0:01:17]} 0-1

[Event "MPL 47th National Women Chess-ch 2022"]
[Site "Odisha"]
[Date "2022.02.25"]
[Round "2.4"]
[White "Soumya, Swaminathan"]
[Black "Jyothsna L"]
[Result "1-0"]
[WhiteElo "2360"]
[BlackElo "2052"]
[Annotator "NA"]
[PlyCount "83"]
[EventDate "2022.02.25"]
[EventCountry "IND"]
[SourceTitle "playchess.com"]
[Source "ChessBase"]
[SourceQuality "1"]
[TimeControl "5400+30"]

1. e4 {[%emt 0:00:29]} e6 {[%emt 0:00:26]} 2. d4 {[%emt 0:01:34]} d5 {[%emt 0:00:04]} 3. Nc3 {[%emt 0:00:13]} Nf6 {[%emt 0:00:05]} 4. e5 {[%emt 0:00:19]} Nfd7 {[%emt 0:00:14]} 5. f4 {[%emt 0:00:19]} c5 {[%emt 0:00:25]} 6. Nf3 {[%emt 0:00:02]} Nc6 {[%emt 0:01:00]} 7. Be3 {[%emt 0:00:05]} cxd4 {[%emt 0:00:22]} 8. Nxd4 {[%emt 0:00:06]} Bc5 {[%emt 0:00:16]} 9. Qd2 {[%emt 0:01:16]} O-O {[%emt 0:00:39]} 10. O-O-O {[%emt 0:02:58]} a6 {[%emt 0:01:16]} 11. h4 {[%emt 0:04:18]} Nxd4 {[%emt 0:01:17]} 12. Bxd4 {[%emt 0:00:07]} b5 {[%emt 0:00:41]} 13. h5 {[%emt 0:06:20]} b4 {[%emt 0:12:06]} 14. Na4 {[%emt 0:15:07]} Bxd4 {[%emt 0:03:17]} 15. Qxd4 {[%emt 0:00:02]} a5 {[%emt 0:24:04]} 16. Kb1 {[%emt 0:03:05]} Ba6 {[%emt 0:08:23]} 17. Bxa6 {[%emt 0:10:24]} Rxa6 {[%emt 0:00:06]} 18. c4 {[%emt 0:00:14]} bxc3 {[%emt 0:02:36]} 19. Qxc3 {[%emt 0:00:24]} Qb8 {[%emt 0:12:10]} 20. Rc1 {[%emt 0:08:27]} Qb5 {[%emt 0:14:54]} 21. b3 {[%emt 0:06:30]} Nb6 {[%emt 0:09:56]} 22. Nc5 {[%emt 0:00:48]} Ra7 {[%emt 0:00:34]} 23. a4 {[%emt 0:00:44]} Qe8 {[%emt 0:00:23]} 24. h6 {[%emt 0:01:17]} g6 {[%emt 0:00:22]} 25. Qd4 {[%emt 0:10:37]} Qb8 {[%emt 0:01:49]} 26. Ka2 {[%emt 0:00:12]} Nd7 {[%emt 0:01:43]} 27. Nd3 {[%emt 0:03:11]} Rb7 {[%emt 0:01:14]} 28. Rc3 {[%emt 0:00:04]} Rc8 {[%emt 0:00:55]} 29. Rhc1 {[%emt 0:02:42]} Rbc7 {[%emt 0:00:33]} 30. g4 {[%emt 0:00:26]} Kf8 {[%emt 0:01:45]} 31. f5 {[%emt 0:01:26]} Ke7 {[%emt 0:00:26]} 32. Kb2 {[%emt 0:08:16]} Rxc3 {[%emt 0:00:50]} 33. Rxc3 {[%emt 0:00:20]} Rxc3 {[%emt 0:00:57]} 34. Qxc3 {[%emt 0:08:15]} Qb6 {[%emt 0:00:07]} 35. f6+ {[%emt 0:00:42]} Kd8 {[%emt 0:00:28]} 36. Ka2 {[%emt 0:05:06]} Qc7 {[%emt 0:00:39]} 37. Qb2 {[%emt 0:00:17]} Nc5 {[%emt 0:00:33]} 38. Qa3 {[%emt 0:00:18]} Nxd3 {[%emt 0:00:52]} 39. Qf8+ {[%emt 0:00:04]} Kd7 {[%emt 0:00:15]} 40. Qxf7+ {[%emt 0:00:01]} Kc6 {[%emt 0:00:21]} 41. Qxc7+ {[%emt 0:00:02]} Kxc7 {[%emt 0:00:07]} 42. f7 {[%emt 0:00:02]} 1-0

[Event "MPL 47th National Women Chess-ch 2022"]
[Site "Odisha"]
[Date "2022.02.25"]
[Round "2.5"]
[White "Lakshmi C"]
[Black "Padmini, Rout"]
[Result "0-1"]
[WhiteElo "1968"]
[BlackElo "2350"]
[Annotator "NA"]
[PlyCount "92"]
[EventDate "2022.02.25"]
[EventCountry "IND"]
[SourceTitle "playchess.com"]
[Source "ChessBase"]
[SourceQuality "1"]
[TimeControl "5400+30"]

1. d4 {[%emt 0:00:18]} Nf6 {[%emt 0:01:07]} 2. c4 {[%emt 0:00:15]} c5 {[%emt 0:00:57]} 3. e3 {[%emt 0:01:10]} g6 {[%emt 0:01:12]} 4. Nc3 {[%emt 0:00:34]} Bg7 {[%emt 0:00:14]} 5. Nf3 {[%emt 0:04:05]} O-O {[%emt 0:00:13]} 6. d5 {[%emt 0:06:44]} e6 {[%emt 0:01:58]} 7. e4 {[%emt 0:06:35]} exd5 {[%emt 0:01:07]} 8. exd5 {[%emt 0:02:13]} d6 {[%emt 0:02:07]} 9. Be2 {[%emt 0:01:07]} Bf5 {[%emt 0:03:46]} 10. O-O {[%emt 0:04:46]} Ne4 {[%emt 0:01:07]} 11. Nxe4 {[%emt 0:16:34]} Bxe4 {[%emt 0:00:19]} 12. Ng5 {[%emt 0:04:11]} Bf5 {[%emt 0:01:22]} 13. Bd3 {[%emt 0:09:03]} Bxd3 {[%emt 0:03:56]} 14. Qxd3 {[%emt 0:03:59]} Nd7 {[%emt 0:07:55]} 15. f4 {[%emt 0:01:53]} h6 {[%emt 0:24:30]} 16. Ne4 {[%emt 0:04:07]} Nf6 {[%emt 0:08:57]} 17. Nf2 {[%emt 0:30:01]} a6 {[%emt 0:03:24]} 18. Bd2 {[%emt 0:00:57]} b5 {[%emt 0:07:46]} 19. b3 {[%emt 0:00:25]} Qd7 {[%emt 0:01:44]} 20. Rae1 {[%emt 0:00:50]} Rfe8 {[%emt 0:00:30]} 21. Bc3 {[%emt 0:00:32]} b4 {[%emt 0:09:52]} 22. Bd2 {[%emt 0:00:12]} a5 {[%emt 0:00:51]} 23. h3 {[%emt 0:00:52]} h5 {[%emt 0:02:02]} 24. Nd1 {[%emt 0:00:20]} Qf5 {[%emt 0:05:02]} 25. Qxf5 {[%emt 0:00:31]} gxf5 {[%emt 0:00:02]} 26. Kh2 {[%emt 0:00:40]} Rxe1 {[%emt 0:09:12]} 27. Rxe1 {[%emt 0:00:29]} Kh7 {[%emt 0:00:33]} 28. Ne3 {[%emt 0:00:23]} Kg6 {[%emt 0:00:01]} 29. Bc1 {[%emt 0:00:29]} a4 {[%emt 0:00:31]} 30. Re2 {[%emt 0:00:41]} h4 {[%emt 0:01:32]} 31. g3 {[%emt 0:00:27]} axb3 {[%emt 0:01:28]} 32. axb3 {[%emt 0:00:01]} hxg3+ {[%emt 0:00:35]} 33. Kxg3 {[%emt 0:00:02]} Ra1 {[%emt 0:00:30]} 34. Bb2 {[%emt 0:00:53]} Ne4+ {[%emt 0:00:05]} 35. Kf3 {[%emt 0:00:04]} Rg1 {[%emt 0:00:20]} 36. Ng2 {[%emt 0:00:59]} Rf1+ {[%emt 0:00:27]} 37. Ke3 {[%emt 0:00:09]} Bxb2 {[%emt 0:01:00]} 38. Rxb2 {[%emt 0:00:05]} Rh1 {[%emt 0:00:36]} 39. h4 {[%emt 0:01:49]} Rh3+ {[%emt 0:00:13]} 40. Ke2 {[%emt 0:00:02]} Kh5 {[%emt 0:00:16]} 41. Ke1 {[%emt 0:00:55]} Kg4 {[%emt 0:00:22]} 42. Kf1 {[%emt 0:00:36]} Rh1+ {[%emt 0:00:15]} 43. Ke2 {[%emt 0:00:04]} Kg3 {[%emt 0:00:20]} 44. Kd3 {[%emt 0:00:54]} Rh2 {[%emt 0:00:38]} 45. Ne3 {[%emt 0:00:11]} Rxb2 {[%emt 0:00:14]} 46. Nxf5+ {[%emt 0:00:20]} Kxf4 {[%emt 0:00:04]} 0-1